000 00709nas a2200229 i 4500
001 2274
003 ES-MaACL
005 20250217134606.0
007 t|
008 950801c1946 xxu | | 1 ||ng d
080 _a82
245 0 0 _aSymposium
_b: a journal devoted to modern foreign languages and litteratures.
260 _aSyracuse-University :
_bDepartment of Romance Languages,
_c1946-
300 _a10 v. ;
_c24 cm.
310 _aSemestral
362 0 _aV 1º (nov. 1946) -
650 1 4 _aLingüística. Filología.
_914477
710 1 _aUniversity of Syracusa.
_bDepartment of Romance Languages (
_cEEUU)
_9194462
852 _aES-MaACL
_jHem-1009
866 0 _o1950-60.
999 _c2274
_d2274